000
00308nam a22001337a 4500
008
170406b xxu||||| |||| 00| 0 eng d
020
_a
0721659519
041
_a
eng
080
_2
5TH
_a
616.15
100
_a
9
101
_a
SHM
245
_a
HEMATOLOGY OF INFANCY AND CHILDHOOD
_c
NATHAN, D.G
942
_2
udc
_c
BK
999
_c
9918
_d
9918